Statistics for Doctor Who Series 4 Episodes

Click here to take the quiz!

General Stats

  • This quiz has been taken 204 times
  • The average score is 10 of 13

Answer Stats

HintAnswer% Correct
Fortune Teller, The Trickster's Brigade, 'Something On Your Back'Turn Left
91%
River Song, Vashta Nerada, 'Count The Shadows'Silence in the Library
90%
X-Tonic Radiation, Crystalline Resort Planet, Sapphire WaterfallMidnight
89%
Adipose, Miss Foster, 'The Fat Just Walks Away'Partners in Crime
82%
Messaline, Hath, JennyThe Doctor's Daughter
82%
Agatha Christie, Vespiform, Firestone NecklaceThe Unicorn and the Wasp
82%
Mount Vesuvius, Pyroviles, CaeciliusThe Fires of Pompeii
81%
Ood-Sphere, Hind Brain, 'Doctor-Donna'Planet of the Ood
78%
Library, Corrupted Core, SimulationForest of the Dead
75%
Daleks, Davros, 27 Stolen PlanetsThe Stolen Earth
74%
Poisonous Gas, Teleport Pod, Luke RattiganThe Poison Sky
71%
3 Doctors, Biological Metacrisis, Goodbye DonnaJourney's End
69%
ATMOS, General Staal, ClonesThe Sontaran Stratagem
68%

Score Distribution

Percentile by Number Answered

Percent of People with Each Score

Your Score History

You have not taken this quiz